书目信息 |
| 题名: |
舞蹈文化与审美
|
|
| 作者: | 于平 著 | |
| 分册: | ||
| 出版信息: | 北京 中国人民大学出版社 2005 |
|
| 页数: | 381页 | |
| 开本: | 23cm | |
| 丛书名: | 写给大众的人文艺术丛书 | |
| 单 册: | ||
| 中图分类: | J701 | |
| 科图分类: | ||
| 主题词: | 舞蹈美学 | |
| 电子资源: | ||
| ISBN: | 7-300-06374-8 | |
| 000 | 00918oam2 2200253 450 | |
| 001 | 002931487 | |
| 005 | 20061101104906.43 | |
| 010 | @a7-300-06374-8@dCNY26.80 | |
| 100 | @a20050416d2005 em y0chiy0110 ea | |
| 101 | 0 | @achi |
| 102 | @aCN@b110000 | |
| 105 | @aa z 000yy | |
| 200 | 1 | @a舞蹈文化与审美@9wu dao wen hua yu shen mei@f于平著 |
| 210 | @a北京@c中国人民大学出版社@d2005 | |
| 215 | @a381页@c图@d23cm | |
| 225 | 2 | @a写给大众的人文艺术丛书@v10 |
| 330 | @a本书通过舞蹈艺术作品的典型剖析,分别从“从动觉经验到动态意象”、“从民俗舞蹈到雅士舞蹈”、“从民族传统到国家象征”、“从风格展览到动作设计”、“从舞蹈诗到舞蹈戏剧”、“从舞蹈文化到舞蹈审美”六个方面进行了论述。。 | |
| 461 | 0 | @12001 @a写给大众的人文艺术丛书 |
| 510 | 1 | @aDance Culture and Taste@zeng |
| 606 | 0 | @a舞蹈美学 |
| 690 | @aJ701@v4 | |
| 701 | 0 | @a于平@9yu ping@f(1954.11~)@4著 |
| 801 | 0 | @aCN@bNLC@c20061101 |
| 905 | @a10447@dJ701@e65 | |
| 舞蹈文化与审美/于平著.-北京:中国人民大学出版社,2005 |
| 381页:图;23cm.-(写给大众的人文艺术丛书;10) |
| ISBN 7-300-06374-8:CNY26.80 |
| 本书通过舞蹈艺术作品的典型剖析,分别从“从动觉经验到动态意象”、“从民俗舞蹈到雅士舞蹈”、“从民族传统到国家象征”、“从风格展览到动作设计”、“从舞蹈诗到舞蹈戏剧”、“从舞蹈文化到舞蹈审美”六个方面进行了论述。。 |
| ● |
| 相关链接 |
|
|
|
|
正题名:舞蹈文化与审美
索取号:J701/65
 
预约/预借
| 序号 | 登录号 | 条形码 | 馆藏地/架位号 | 状态 | 备注 |
| 1 | 0387134 | 203871346 | 第一样本阅览室/ [索取号:J701/65] | 在馆 | |
| 2 | 0387135 | 203871355 | 第一借阅区/ [索取号:J701/65] | 在馆 | |
| 3 | 0387136 | 203871364 | 第一借阅区/ [索取号:J701/65] | 在馆 | |
| 4 | 0387137 | 203871373 | 第一借阅区/ [索取号:J701/65] | 在馆 | |
| 5 | 0387138 | 203871382 | 第一借阅区/ [索取号:J701/65] | 在馆 |